00305nam a2200133Ia 4500008004100000100002300041245001900064250001200083260002800095300000800123650001600131942000700147999001700154190216s9999||||xx |||||||||||||| ||und|| aHall Ha And Knight 0aHigher Algebra a1st Ed. bMagmillan &co Ltdc1964 a234 aMathematics cBK c30413d30413